00559nam a22001697a 450000500170000001000170001702000260003403700280006008200080008810000300009624500420012626000430016827001110021130000260032294200220034899900190037020260226144015.0 aBACEN26  a9789356817494c275.00 bGP publications (P) Ltd a000 aKumar, Purushottam987487 aGeneral knowledge/cPurushottam kumar aHaryanabG.K Publication (P) Ltdc2025 aPlot No. 63, Sector-27A, Near sector -28 Metro Station, FaridabadbHaryanae121003mgkp@gkpublications.com a338 Pagesc22cm (Pbk) 2ddccENh000mKUM c214972d214972